| 000 | 03695nam0a2200481 4500 | ||
|---|---|---|---|
| 001 | RU\NLR\BIBL_A\011682406 | ||
| 005 | 20250630155819.0 | ||
| 020 |
_aRU _b14217 _9Сводный каталог листовок первых лет Советской власти (25 октября (7 ноября) 1917 - 1925) Т.5. Листовки советских, партийных, профсоюзных, комсомольских и других организаций краев РСФСР. Ч.1 |
||
| 035 | _a(NLR Aleph) 011682406 | ||
| 090 |
_a11293851 _c11293851 |
||
| 100 | _a20180416d1920 |||y0rusy50 ca | ||
| 101 | 0 | _arus | |
| 102 | _aRU | ||
| 105 | _ay z 000zy | ||
| 135 | _acrcn 024apada | ||
| 200 | 1 |
_aПриказ № 80 Ачинского уисполкома и Продовольственного комитета, 11 нояб. 1920 г., г. Ачинск _e[о явке в Райпродком 11-13 нояб. 1920 г. специалистов по заготовке сырья _eлистовка _fАчинский уезд. исполнительный комитет Советов] |
|
| 210 |
_a[Ачинск _cб. и. _d1920, нояб.] |
||
| 215 |
_a1 с. _d17х14 |
||
| 300 | _aПодписи: предуисполкома Б. Гурович; замгубпродкомиссар В. Неворотов; за предукомтруда Белов; секретарь Вайнтруб | ||
| 325 | 1 | _aКопия доступна в Электронной библиотеке РНБ | |
| 517 | 1 | _aО явке в Райпродком 11-13 нояб. 1920 г. специалистов по заготовке сырья | |
| 607 |
_aРСФСР _jЛистовки _xПолитика и управление _y1917 - 1925 _92312782 _3RU\NLR\auth\6601609564 |
||
| 686 | 0 | _aТ3(2)71-313,011 | |
| 686 | 1 | _aТ3(2Р-4Кра-2А)71-2,011 | |
| 702 | 1 |
_4720 _7ca _8rus _aГурович _bБ. М. _cучастник установления советской власти, Енисейская губерния _f1898- _gБорис Маркович _9193219 _3RU\NLR\AUTH\770193270 |
|
| 702 | 1 |
_4720 _7ca _8rus _aНеворотов _bВ. _cучастник установления советской власти, замгубпродкомиссар, Енисейская губерния _9194154 _3RU\NLR\AUTH\770194205 |
|
| 702 | 1 |
_4720 _7ca _8rus _aБелов _cучастник установления советской власти, предукомтруда, Ачинский уезд _9194173 _3RU\NLR\AUTH\770194224 |
|
| 702 | 1 |
_4720 _7ca _8rus _aВайнтруб _cучастник установления советской власти, секретарь уезд. исполкома, Ачинский уезд _9194149 _3RU\NLR\AUTH\770194200 |
|
| 710 | 0 | 2 |
_aАчинский уездный исполнительный комитет Советов _9605239 _3RU\NLR\AUTH\880471794 |
| 711 | 0 | 2 |
_aАчинский уездный продовольственный комитет _9605247 _3RU\NLR\AUTH\880471798 |
| 852 | 0 | 0 |
_aNLR _bФЛ _j29/33 |
| 856 | 0 | _uhttps://vivaldi.nlr.ru/ll000011635/view | |
| 856 | 1 | _uhttps://vivaldi.nlr.ru/ll000011635/cover | |
| 856 | 2 | _uhttps://vivaldi.nlr.ru/ll000011635/text | |
| 942 | _cBOOK | ||
| 980 | _aNB | ||
| 981 | 2 | 2 |
_a(22) Материалы по истории России _b(22) История России с 25 октября (7 ноября) 1917 года |
| 981 | 2 | 1 |
_a(21) Листовки _b(21) Листовки 1920 года |